000 00460nam a2200133Ia 4500
008 200922s9999 xx 000 0 und d
020 _a978-981-4878-12-8
100 _aVermaat, Misty E.
245 _cMisty E. Vermaat, Susan L. Sebok, Steven M. Freund, et.al.
_aDiscovering computers:
_bdigital technology, data and devices/
260 _aSingapore:
_bCENGAGE
_c2019
300 _aix, ind-31
_c25 cm.
650 _aComputer networks
650 _aComputer science
999 _c364383
_d364383